Stemmi Squadre di calcio dal dettaglio - Quiz n°30 - Statistics

Statistiche generali
  • Questo quiz è stato fatto 62 volte
  • Il punteggio medio è 7 su 10
Statistiche sulle risposte
con Immagini Risposta % Corretto
Schalke 04
98%
Salernitana
97%
Chelsea
93%
Gent
91%
Southampton
83%
Wolverhampton
78%
Olympique Lione
66%
Padova
64%
Grasshoppers
28%
Swansea City
22%
Nessun quiz corrispondente trovato
Distribuzione punteggi
Percentuale di utenti per punteggio
Percentile per numero di risposta
I tuoi punteggi nel tempo
Non hai fatto questo quiz